000 00710cam a2200229 a 4500
001 2561709
005 20180312061403.0
008 950731s1996 mnuak 001 0 eng
010 _a 95037701
020 _a0314068708 (soft : acidfree paper)
040 _aDLC
_cDLC
_dDLC
041 _aeng
043 _an-us---
080 _a345.7305 SCH
082 0 0 _a345.7305 SCH
_a347.3055
_220
100 1 _a13
101 _aSHJ
245 1 0 _aCriminal procedure /
_cJohn M. Scheb, John M. Scheb II.
906 _a7
_bcbc
_corignew
_d1
_eocip
_f19
_gy-gencatlg
942 _2ddc
_cBK
999 _c44712
_d44712